000 00382nam a2200157Ia 4500
005 20250729165513.0
008 250729s1995 xx 000 0 und d
041 _aeng
082 _a320 PRAA
100 _aPrasad G K
_9225391
245 _aThe angry voter
260 _aMadras
_c1995
300 _a250p
650 _aPolitical Science
_9225392
700 _aKumar Jeevan D
_9225393
999 _c236888
_d236888